Word Scramble - US STATE CAPITALS - Missing One Letter - Statistics

General Stats
  • This quiz has been taken 383 times
    365 since last reset
  • The average score is 15 of 20
Answer Stats
State Capital Answer % Correct
LOOUUHL Honolulu
92%
AAATNL Atlanta
91%
XHOIPN Phoenix
90%
IOBS Boise
88%
JUEAN Juneau
88%
RNEVD Denver
86%
KCNJAO Jackson
85%
NOCNIL Lincoln
85%
EENHL Helena
80%
ROVE Dover
76%
RSIBKMC Bismarck
70%
NOOTS Boston
69%
KNRAFTRO Frankfort
69%
YMPAOL Olympia
68%
AEPTO Topeka
67%
DMSIOA Madison
60%
EERRI Pierre
60%
UATSI Austin
55%
LAME Salem
54%
NNTTRO Trenton
45%
No matching quizzes found
Score Distribution
Percent of People with Each Score
Percentile by Number Answered
Your Score History
You have not taken this quiz since the last reset